Building community: The neighborhood context of social organization

Gespeichert in:  
Bibliographische Detailangaben
VerfasserInnen: Swaroop, Sapna (Verfasst von) ; Morenoff, Jeffrey D. (Verfasst von)
Medienart: Elektronisch Aufsatz
Sprache:Englisch
Veröffentlicht: 2006
In: Social forces
Jahr: 2006, Band: 84, Heft: 3, Seiten: 1665-1695
Online-Zugang: Volltext (lizenzpflichtig)
Verfügbarkeit prüfen: HBZ Gateway

MARC

LEADER 00000caa a22000002c 4500
001 1912470365
003 DE-627
005 20250124054922.0
007 cr uuu---uuuuu
008 241217s2006 xx |||||o 00| ||eng c
024 7 |a 10.1353/sof.2006.0058  |2 doi 
035 |a (DE-627)1912470365 
035 |a (DE-599)KXP1912470365 
040 |a DE-627  |b ger  |c DE-627  |e rda 
041 |a eng 
084 |a 2,1  |2 ssgn 
100 1 |a Swaroop, Sapna  |e VerfasserIn  |4 aut 
245 1 0 |a Building community: The neighborhood context of social organization 
264 1 |c 2006 
336 |a Text  |b txt  |2 rdacontent 
337 |a Computermedien  |b c  |2 rdamedia 
338 |a Online-Ressource  |b cr  |2 rdacarrier 
700 1 |a Morenoff, Jeffrey D.  |e VerfasserIn  |0 (DE-588)1182265839  |0 (DE-627)1662602111  |4 aut 
773 0 8 |i Enthalten in  |t Social forces  |d Oxford : Oxford Univ. Press, 1925  |g 84(2006), 3, Seite 1665-1695  |h Online-Ressource  |w (DE-627)330382675  |w (DE-600)2049434-8  |w (DE-576)103115706  |x 1534-7605  |7 nnas 
773 1 8 |g volume:84  |g year:2006  |g number:3  |g pages:1665-1695 
856 4 0 |u https://doi.org/10.1353/sof.2006.0058  |x Resolving-System  |z lizenzpflichtig  |3 Volltext  |7 1 
935 |a mkri 
951 |a AR 
ELC |a 1 
LOK |0 000 xxxxxcx a22 zn 4500 
LOK |0 001 4637435854 
LOK |0 003 DE-627 
LOK |0 004 1912470365 
LOK |0 005 20241217044206 
LOK |0 008 241217||||||||||||||||ger||||||| 
LOK |0 035   |a (DE-2619)ICPSR48479 
LOK |0 040   |a DE-2619  |c DE-627  |d DE-2619 
LOK |0 092   |o n 
LOK |0 852   |a DE-2619 
LOK |0 852 1  |9 00 
LOK |0 935   |a nacp 
LOK |0 939   |a 17-12-24  |b l01 
ORI |a SA-MARC-krimdoka001.raw